00373pab a2200133 454500008004000000100002100040245006800061260000900129300001500138362000800153650003400161650002600195773001800221180718b2015 xxu||||| |||| 00| 0 eng d aChahande, Sanjay aImperative Indian administrative reforms: an impossible agenda? c2015 ap.165-192. aSep aAdministrative reform - India aAdministrative reform aArtha Vijnana